000 00944cab a2200205 4500
001 L135992
008 061221n2006 000 0 eng u
035 _a(Sirsi) u135992
041 0 _aeng
100 1 _aImrie, Rob
245 0 0 _aLittle change in the cultural divide
260 _c2006
490 0 _aTown & Country Planning
_v75(12) December 2006, 364-366(3)
520 _aDiscusses the Urban Task Force's pronouncement about a development culture amongst various built environment professionals characterised by professional divides and differences, and an absence of team working. Discusses a recent postal survey of what architects think about regulation and planning control which shows that there is a long way to go in breaking down some of the traditional professional attitudes and barriers.
590 _aKA
651 4 _aUnited Kingdom
_y
690 _aPlanning and development
_96259
700 1 _aStreet, Emma
942 _n0
999 _c78092
_d78092